| 000 | 00497nam a2200169Ia 4500 | ||
|---|---|---|---|
| 003 | OSt | ||
| 005 | 20230609115116.0 | ||
| 008 | 210423s2005 xx 000 0 und d | ||
| 040 | _cAL | ||
| 082 |
_a158.3 RIDO _223 |
||
| 100 |
_aRIDLEY (CHARLES R). _9123282 |
||
| 245 | _aOvercoming unintentiional racism in counseling and therapy. | ||
| 260 |
_aNew Delhi _bSage Publications _c2005 |
||
| 365 | _cINR | ||
| 906 | _acounseling ; Overcoming ; racism ; therapy. ; unintentiional | ||
| 942 |
_2ddc _cBK |
||
| 999 |
_c174248 _d174248 |
||